[Event "Oberliga Wuerttemberg 1819"]
[Site "Wuerttemberg"]
[Date "2018.09.23"]
[Round "1"]
[White "Walliser, Holger"]
[Black "Bissbort, Julian"]
[Result "1-0"]
[WhiteElo "2018"]
[BlackElo "2026"]
[PlyCount "104"]
[EventDate "2018.09.23"]
[EventType "team-tourn"]
[EventRounds "9"]
[EventCountry "GER"]
[SourceTitle "EXT 2020"]
[Source "ChessBase"]
[SourceDate "2019.10.17"]
[SourceVersion "1"]
[SourceVersionDate "2019.10.17"]
[SourceQuality "1"]
[WhiteTeam "Sontheim/Brenz"]
[BlackTeam "Heilbronn"]
[WhiteTeamCountry "GER"]
[BlackTeamCountry "GER"]

1. e4 c5 2. Nf3 Nc6 3. d4 cxd4 4. Nxd4 g6 5. Nc3 Bg7 6. Be3 Nf6 7. Bc4 Qa5 8. f3 Qb4 9. Nxc6 bxc6 10. Bb3 0-0 11. Qd2 Rd8 12. a3 Qa5 13. 0-0 Rb8 14. Bh6 Ba6 15. Rf2 Qc7 16. Re1 Bh8 17. e5 Ne8 18. Qf4 d5 19. exd6 exd6 20. Rd2 Be5 21. Qa4 Bb5 22. Nxb5 Rxb5 23. Rde2 Nf6 24. Qh4 Qd7 25. Bg5 Qf5 26. Rxe5 Rxe5 27. Rxe5 dxe5 28. Bxf6 Rd1+ 29. Kf2 h6 30. Be7 Kg7 31. Bb4 Rd4 32. Qe7 Rd7 33. Qc5 Qf4 34. Bc3 Kh7 35. Qxe5 Rd2+ 36. Kf1 Rd1+ 37. Ke2 Rd2+ 38. Ke1 Qxe5+ 39. Bxe5 Rxg2 40. Bg3 h5 41. Bf2 Rxh2 42. Bxa7 h4 43. Kf1 h3 44. Bb8 Rd2 45. Kg1 Rg2+ 46. Kh1 Rf2 47. a4 Rxf3 48. a5 g5 49. a6 g4 50. a7 Rf1+ 51. Kh2 Ra1 52. Bxf7 Kh6 1-0

[Event "Stuttgart-chA int"]
[Site "Ditzingen"]
[Date "2013.05.12"]
[Round "7"]
[White "Walliser, Holger"]
[Black "Klaus, Dominik"]
[Result "1/2-1/2"]
[WhiteElo "1942"]
[BlackElo "1880"]
[PlyCount "150"]
[EventDate "2013.05.09"]
[EventType "swiss"]
[EventRounds "7"]
[EventCountry "GER"]
[SourceTitle "EXT 2014"]
[Source "ChessBase"]
[SourceDate "2013.11.20"]
[SourceVersion "1"]
[SourceVersionDate "2013.11.20"]
[SourceQuality "1"]

1. e4 c5 2. Nf3 d6 3. d4 cxd4 4. Nxd4 Nf6 5. Nc3 a6 6. Bc4 Nbd7 7. Bb3 g6 8. Be3 Nc5 9. f3 Bg7 10. Qd2 h5 11. 0-0-0 Bd7 12. Kb1 Qc7 13. Bg5 Bc6 14. Nd5 Bxd5 15. Bxd5 Rc8 16. h4 Qb6 17. Nb3 e6 18. Bc4 Na4 19. Be2 Nxb2 20. Qxd6 Qxd6 21. Rxd6 Na4 22. Bd2 0-0 23. Bd3 Rfd8 24. Rxd8+ Rxd8 25. Rg1 Nd7 26. Bb4 Ne5 27. Rd1 Nc6 28. Be1 Nb2 29. Rd2 Bc3 30. Re2 Na4 31. f4 Nb4 32. Nc1 Rd6 33. a3 Nc6 34. Na2 Bb2 35. Bb4 Rd4 36. Re1 Nxb4 37. axb4 Ba3 38. b5 Rd6 39. e5 Rd4 40. bxa6 bxa6 41. g3 Nc5 42. Re3 Rd8 43. Nc3 Rb8+ 44. Ka2 Bc1 45. Rf3 a5 46. Ne4 Nxe4 47. Bxe4 Rb2+ 48. Ka1 Rb4 49. Bd3 a4 50. Rf1 Bb2+ 51. Ka2 a3 52. Rb1 Kf8 53. c4 Ke7 54. Rd1 Rb8 55. Bc2 Rd8 56. Rxd8 Kxd8 57. Bd1 Bc1 58. Bf3 Bd2 59. Kxa3 Be1 60. g4 hxg4 61. Bxg4 Bxh4 62. Kb3 Bg3 63. Kc3 Bxf4 64. Kd4 Kd7 65. Bd1 Bg3 66. Ke4 Bf2 67. Ba4+ Ke7 68. Bd1 g5 69. Bh5 Bb6 70. Kf3 Bc7 71. Ke4 Bb8 72. Kd4 Bc7 73. Ke4 f5+ 74. exf6+ Kxf6 75. Bg4 Bf4 1/2-1/2

[Event "Stuttgart-chA int"]
[Site "Ditzingen"]
[Date "2013.05.11"]
[Round "6"]
[White "Gabriel, Josef"]
[Black "Walliser, Holger"]
[Result "1/2-1/2"]
[WhiteElo "2123"]
[BlackElo "1942"]
[PlyCount "52"]
[EventDate "2013.05.09"]
[EventType "swiss"]
[EventRounds "7"]
[EventCountry "GER"]
[SourceTitle "EXT 2014"]
[Source "ChessBase"]
[SourceDate "2013.11.20"]
[SourceVersion "1"]
[SourceVersionDate "2013.11.20"]
[SourceQuality "1"]

1. e4 c5 2. Nf3 d6 3. d4 cxd4 4. Nxd4 Nf6 5. Nc3 g6 6. Bg5 Bg7 7. Qd2 0-0 8. 0-0-0 Bd7 9. f3 Nc6 10. Nb3 Be6 11. Nd5 Bxd5 12. exd5 Ne5 13. Kb1 a6 14. Be2 b5 15. Rhe1 Qc7 16. Qa5 Rfc8 17. c3 h6 18. Be3 Qb7 19. Qa3 Nc4 20. Bxc4 bxc4 21. Na5 Qb5 22. Qb4 Nxd5 23. Qxb5 axb5 24. Rxd5 Rxa5 25. Bb6 Ra6 26. Bf2 e6 1/2-1/2